[Event "Gothenburg op"]
[Site "Gothenburg"]
[Date "2023.08.12"]
[Round "6"]
[White "Degerfeldt, Sven"]
[Black "Bengtsson, Siv"]
[Result "1/2-1/2"]
[WhiteElo "1821"]
[BlackElo "2010"]
[PlyCount "51"]
[EventDate "2023.08.11"]
[EventType "swiss"]
[EventRounds "8"]
[EventCountry "SWE"]
[SourceTitle "CBM 215 Extra"]
[Source "ChessBase"]
[SourceDate "2023.09.30"]
[SourceVersion "1"]
[SourceVersionDate "2023.09.30"]
[SourceQuality "1"]

1. d4 Nf6 2. c4 e6 3. Nc3 Bb4 4. e3 b6 5. Nf3 Bb7 6. Be2 0-0 7. Bd2 d5 8. a3 Be7 9. 0-0 Nbd7 10. Rc1 c5 11. cxd5 cxd4 12. Nxd4 Nxd5 13. Nxd5 Bxd5 14. Bf3 Ne5 15. Bxd5 Qxd5 16. Qe2 Rac8 17. Bc3 Rfd8 18. Rfd1 Qc4 19. Qd2 Qa4 20. Qe1 Bf6 21. f4 Ng6 22. g3 h6 23. Qe2 Ne7 24. Qb5 Qxb5 25. Nxb5 Bxc3 26. Nxc3 1/2-1/2

[Event "Gothenburg op"]
[Site "Gothenburg"]
[Date "2023.08.11"]
[Round "2"]
[White "Degerfeldt, Sven"]
[Black "Mohammed, Safian Haj"]
[Result "0-1"]
[WhiteElo "1821"]
[BlackElo "1862"]
[PlyCount "86"]
[EventDate "2023.08.11"]
[EventType "swiss"]
[EventRounds "8"]
[EventCountry "SWE"]
[SourceTitle "CBM 215 Extra"]
[Source "ChessBase"]
[SourceDate "2023.09.30"]
[SourceVersion "1"]
[SourceVersionDate "2023.09.30"]
[SourceQuality "1"]

1. d4 Nf6 2. Nf3 g6 3. g3 Bg7 4. Bg2 c5 5. c3 cxd4 6. cxd4 d5 7. Nc3 0-0 8. 0-0 e6 9. Bg5 h6 10. Bf4 Nc6 11. h4 Nh5 12. Qd2 Nxf4 13. Qxf4 Qb6 14. b3 Nxd4 15. Rac1 Nxf3+ 16. Bxf3 Bd7 17. Rfd1 Rac8 18. Na4 Bxa4 19. Qxa4 a6 20. Qd7 Rcd8 21. Qc7 Qb4 22. e3 Bb2 23. Rc2 Rc8 24. Qxc8 Rxc8 25. Rxc8+ Kg7 26. Rc2 Be5 27. Kg2 b5 28. Rc6 Qa5 29. Rc2 Qb4 30. Be2 d4 31. e4 f5 32. f4 fxe4 33. fxe5 d3 34. Rc7+ Kf8 35. Rf1+ Ke8 36. Bg4 Qd2+ 37. Rf2 Qa5 38. Rff7 Qd2+ 39. Kh3 Qe1 40. Rce7+ Kd8 41. Bxe6 Qh1+ 42. Kg4 Qd1+ 43. Kf4 Qe2 0-1

[Event "Gothenburg op"]
[Site "Gothenburg"]
[Date "2023.08.11"]
[Round "3"]
[White "Torres, Lucas"]
[Black "Degerfeldt, Sven"]
[Result "0-1"]
[WhiteElo "1501"]
[BlackElo "1821"]
[PlyCount "84"]
[EventDate "2023.08.11"]
[EventType "swiss"]
[EventRounds "8"]
[EventCountry "SWE"]
[SourceTitle "CBM 215 Extra"]
[Source "ChessBase"]
[SourceDate "2023.09.30"]
[SourceVersion "1"]
[SourceVersionDate "2023.09.30"]
[SourceQuality "1"]

1. e4 c5 2. Nc3 e6 3. Nf3 Nc6 4. Bb5 Qc7 5. 0-0 d6 6. d4 cxd4 7. Nxd4 Bd7 8. Be3 Nf6 9. f3 Be7 10. Qd2 a6 11. Ba4 0-0 12. Bb3 b5 13. a4 b4 14. Nce2 Rab8 15. Nxc6 Bxc6 16. Nd4 Bd7 17. Rfd1 Qb7 18. Rac1 Rfd8 19. Qe2 Rbc8 20. Bc4 Ra8 21. b3 e5 22. Nf5 Bxf5 23. exf5 d5 24. Bd3 a5 25. Bb5 d4 26. Bg5 h6 27. Bh4 Nd5 28. Bxe7 Qxe7 29. Bc6 Nc3 30. Qc4 Rac8 31. Re1 Rd6 32. Qc5 Rcxc6 33. Qxa5 Nd5 34. f4 e4 35. Rcd1 Ne3 36. Rxd4 Rxd4 37. Qa8+ Kh7 38. Qxc6 Rd1 39. Rxd1 Nxd1 40. Qc4 Qa7+ 41. Kh1 Nf2+ 42. Kg1 Nh3+ 0-1

[Event "Gothenburg op"]
[Site "Gothenburg"]
[Date "2022.08.12"]
[Round "3"]
[White "Degerfeldt, Sven"]
[Black "Persson, Sebastian"]
[Result "0-1"]
[WhiteElo "1842"]
[BlackElo "1631"]
[PlyCount "58"]
[EventDate "2022.08.12"]
[EventType "swiss"]
[EventRounds "8"]
[EventCountry "SWE"]
[SourceTitle "CBM 209 Extra"]
[Source "ChessBase"]
[SourceDate "2022.09.30"]
[SourceVersion "1"]
[SourceVersionDate "2022.09.30"]
[SourceQuality "1"]

1. d4 d5 2. c4 c6 3. Nf3 Nf6 4. Nc3 e6 5. e3 Bd6 6. a3 a5 7. b3 0-0 8. Bd3 Nbd7 9. Qc2 Re8 10. 0-0 dxc4 11. bxc4 e5 12. dxe5 Nxe5 13. Nxe5 Bxe5 14. f4 Bb8 15. Kh1 Ba7 16. Ne4 Ng4 17. c5 Qh4 18. g3 Qh5 19. h4 Qd5 20. Kg1 Bf5 21. Nf6+ Nxf6 22. Bxf5 Bxc5 23. Bb2 Rxe3 24. Kh2 Rae8 25. Rf2 Nh5 26. Rg2 g6 27. Bg4 Ng7 28. Bxg7 Kxg7 29. Rd1 Bd4 0-1

[Event "Gothenburg op"]
[Site "Gothenburg"]
[Date "2018.08.18"]
[Round "6"]
[White "Rasti, Arvin"]
[Black "Degerfeldt, Sven"]
[Result "1-0"]
[WhiteElo "2091"]
[BlackElo "1954"]
[PlyCount "57"]
[EventDate "2018.08.17"]
[EventType "swiss"]
[EventRounds "8"]
[EventCountry "SWE"]
[SourceTitle "CBM 186 Extra"]
[Source "ChessBase"]
[SourceDate "2018.08.24"]
[SourceVersion "1"]
[SourceVersionDate "2018.08.24"]
[SourceQuality "1"]

1. d4 Nf6 2. Nf3 d5 3. Bf4 e6 4. e3 c5 5. c3 Nc6 6. Nbd2 Bd6 7. Bg3 0-0 8. Bd3 b6 9. Qe2 cxd4 10. exd4 Bb7 11. Ne5 g6 12. 0-0 Bxe5 13. Bxe5 Nxe5 14. Qxe5 Qe7 15. a4 a6 16. Rfe1 Rfc8 17. h3 Nd7 18. Qe2 Re8 19. Nb3 Qd6 20. Qd2 e5 21. dxe5 Nxe5 22. Nd4 Nc4 23. Bxc4 dxc4 24. Qg5 Kh8 25. Rad1 Bd5 26. Rxe8+ Rxe8 27. Nf3 f5 28. Qh4 Qc6 29. Qd4+ 1-0

[Event "Gothenburg op"]
[Site "Gothenburg"]
[Date "2017.08.18"]
[Round "2"]
[White "Ziegler, Ari"]
[Black "Degerfeldt, Sven"]
[Result "1-0"]
[WhiteElo "2318"]
[BlackElo "1950"]
[PlyCount "93"]
[EventDate "2017.08.18"]
[EventType "swiss"]
[EventRounds "8"]
[EventCountry "SWE"]
[SourceTitle "CBM 180 Extra"]
[Source "ChessBase"]
[SourceDate "2017.10.06"]
[SourceVersion "1"]
[SourceVersionDate "2017.10.06"]
[SourceQuality "1"]

1. e4 c5 2. Nf3 d6 3. Bb5+ Bd7 4. Bxd7+ Qxd7 5. 0-0 g6 6. c3 Bg7 7. d4 cxd4 8. cxd4 e6 9. Nc3 Ne7 10. Bf4 a6 11. Rc1 0-0 12. Na4 Qd8 13. Qb3 b5 14. Nc3 Nbc6 15. Rfd1 Qb8 16. d5 Na5 17. Qb4 e5 18. Bxe5 Bxe5 19. Nxe5 dxe5 20. Qxe7 Ra7 21. Qf6 Nc4 22. b3 Nd6 23. f3 Ne8 24. Qh4 f5 25. exf5 Rxf5 26. Ne4 Rg7 27. d6 Rd7 28. Rc6 Kg7 29. Rdc1 Rf4 30. Qg5 Rf5 31. Qd2 Qa7+ 32. Kh1 Qd4 33. Qc2 Qe3 34. Rc7 Rff7 35. Rxd7 Rxd7 36. Rd1 Qb6 37. Qd2 a5 38. h4 h6 39. h5 g5 40. Qd5 Nf6 41. Qe6 Rf7 42. Qf5 Nxh5 43. Qxe5+ Kh7 44. d7 Rxf3 45. Qh8+ Kxh8 46. d8Q+ Qxd8 47. Rxd8+ 1-0

[Event "Gothenburg Manhem Elo"]
[Site "Gothenburg"]
[Date "2017.08.16"]
[Round "6"]
[White "Bengtsson, Jonas"]
[Black "Degerfeldt, Sven"]
[Result "1/2-1/2"]
[WhiteElo "2082"]
[BlackElo "1950"]
[PlyCount "107"]
[EventDate "2017.08.12"]
[EventType "tourn"]
[EventRounds "9"]
[EventCountry "SWE"]
[SourceTitle "EXT 2019"]
[Source "ChessBase"]
[SourceDate "2018.10.10"]
[SourceVersion "1"]
[SourceVersionDate "2018.10.10"]
[SourceQuality "1"]

1. d4 d5 2. c4 c6 3. Nf3 Nf6 4. Nc3 e6 5. e3 Nbd7 6. Bd3 Be7 7. 0-0 0-0 8. e4 dxe4 9. Nxe4 Nxe4 10. Bxe4 Bf6 11. Qc2 g6 12. Bh6 Re8 13. Rad1 Qc7 14. h4 Bg7 15. Bxg7 Kxg7 16. Qc3 f6 17. c5 Nf8 18. Bc2 Bd7 19. Rfe1 Rad8 20. Re3 Bc8 21. Bb3 Re7 22. Rde1 b6 23. Nd2 bxc5 24. dxc5 Qf4 25. Ne4 Qe5 26. Qxe5 fxe5 27. Ba4 Rc7 28. Nd6 Nd7 29. b4 a5 30. a3 axb4 31. axb4 Nf6 32. Rxe5 Nd5 33. Nxc8 Rdxc8 34. Rxe6 Nxb4 35. Re7+ Kh6 36. g4 Nd3 37. Bd1 Rxe7 38. Rxe7 g5 39. Bc2 Rd8 40. Re6+ Kg7 41. Bxd3 Rxd3 42. hxg5 Rd5 43. f4 Rxc5 44. Kf2 Rc1 45. f5 c5 46. Re7+ Kg8 47. f6 c4 48. Rg7+ Kh8 49. g6 hxg6 50. Rxg6 Rd1 51. Rh6+ Kg8 52. Rh3 Rd2+ 53. Ke1 Rg2 54. Kd1 1/2-1/2

[Event "Gothenburg Manhem Elo"]
[Site "Gothenburg"]
[Date "2017.08.14"]
[Round "4"]
[White "Moller, Mikael"]
[Black "Degerfeldt, Sven"]
[Result "1-0"]
[WhiteElo "1948"]
[BlackElo "1950"]
[PlyCount "77"]
[EventDate "2017.08.12"]
[EventType "tourn"]
[EventRounds "9"]
[EventCountry "SWE"]
[SourceTitle "EXT 2019"]
[Source "ChessBase"]
[SourceDate "2018.10.10"]
[SourceVersion "1"]
[SourceVersionDate "2018.10.10"]
[SourceQuality "1"]

1. e4 c5 2. Nf3 d6 3. d3 Nc6 4. g3 g6 5. Bg2 Bg7 6. 0-0 e6 7. Re1 Nge7 8. c3 d5 9. e5 Qc7 10. Qe2 a6 11. Nbd2 Bd7 12. Nf1 b5 13. Bf4 h5 14. Ng5 Nf5 15. Nd2 Nce7 16. Ndf3 Bc6 17. h3 Qd7 18. Qd2 Bb7 19. d4 c4 20. Bf1 Nc6 21. Be2 Bf8 22. g4 hxg4 23. hxg4 Nh6 24. Nh2 0-0-0 25. b3 Re8 26. Bf3 Ne7 27. a4 cxb3 28. axb5 Qxb5 29. Be2 Qb6 30. Reb1 Nc6 31. Bd1 Na5 32. Bxb3 Nxb3 33. Qa2 Re7 34. Rxb3 Qc6 35. Qb2 Rc7 36. Rb1 Be7 37. Rb6 Qd7 38. Rxa6 Rc6 39. Ra8+ 1-0

[Event "Gothenburg Manhem Elo"]
[Site "Gothenburg"]
[Date "2017.08.13"]
[Round "2"]
[White "Degerfeldt, Sven"]
[Black "Hattab, Hashim"]
[Result "1/2-1/2"]
[WhiteElo "1950"]
[BlackElo "1885"]
[PlyCount "97"]
[EventDate "2017.08.12"]
[EventType "tourn"]
[EventRounds "9"]
[EventCountry "SWE"]
[SourceTitle "EXT 2019"]
[Source "ChessBase"]
[SourceDate "2018.10.10"]
[SourceVersion "1"]
[SourceVersionDate "2018.10.10"]
[SourceQuality "1"]

1. d4 d6 2. e4 Nf6 3. Nc3 g6 4. f4 Bg7 5. Nf3 0-0 6. Bd3 Na6 7. 0-0 c5 8. Bxa6 cxd4 9. Qxd4 bxa6 10. h3 Bb7 11. Qd3 a5 12. Be3 a6 13. Bd4 Rc8 14. Rad1 Qc7 15. Qe3 Ba8 16. Rfe1 Rfe8 17. e5 dxe5 18. Bxe5 Qb7 19. b3 a4 20. Rd3 axb3 21. axb3 Qc6 22. Re2 Qb7 23. Kh2 Red8 24. Red2 Rxd3 25. Qxd3 h6 26. Qd4 Kh7 27. Re2 Ne8 28. Qe3 Nf6 29. Rf2 Qc6 30. Rd2 Nh5 31. Bxg7 Nxg7 32. Ne2 Nf5 33. Qf2 Qc7 34. Ne5 Kg7 35. c4 Rd8 36. Rxd8 Qxd8 37. Ng3 Nh4 38. Ne2 Nxg2 39. Nd4 Qc7 40. c5 Bd5 41. b4 f6 42. Qxg2 fxe5 43. Qxd5 exd4 44. Qxd4+ Kf7 45. Kg2 Qc6+ 46. Kg3 h5 47. Qc4+ Kf6 48. Qd4+ Kf7 49. Qc4+ 1/2-1/2

[Event "Helsingor Xtracon op"]
[Site "Helsingor"]
[Date "2017.07.25"]
[Round "5"]
[White "Degerfeldt, Sven"]
[Black "Celander, Jesper"]
[Result "0-1"]
[WhiteElo "1935"]
[BlackElo "2127"]
[PlyCount "90"]
[EventDate "2017.07.22"]
[EventType "swiss"]
[EventRounds "10"]
[EventCountry "DEN"]
[SourceTitle "CBM 179 Extra"]
[Source "ChessBase"]
[SourceDate "2017.08.23"]
[SourceVersion "1"]
[SourceVersionDate "2017.08.23"]
[SourceQuality "1"]

1. d4 Nf6 2. c4 c5 3. d5 d6 4. Nc3 g6 5. e4 Bg7 6. Nf3 0-0 7. Be2 Na6 8. 0-0 Nc7 9. h3 Rb8 10. Re1 a6 11. a4 b6 12. Bf1 Bd7 13. e5 Nfe8 14. Bf4 b5 15. axb5 axb5 16. Qd2 bxc4 17. Bxc4 Rb4 18. b3 Bf5 19. g4 Bc8 20. Kg2 Qd7 21. Rh1 Bb7 22. Rad1 Ba6 23. Qd3 Rxb3 24. Bxa6 Nxa6 25. Qc2 Rb4 26. Bg3 Rb7 27. Ne4 Nb4 28. Qc4 Rb6 29. Rd2 Na6 30. Re2 Qb7 31. Ra1 Nac7 32. Rd1 h6 33. Nc3 Rb4 34. Qd3 Rb3 35. Qc2 dxe5 36. Bxe5 Bxe5 37. Rxe5 Qb4 38. Ne4 Nd6 39. Nxd6 exd6 40. Re7 Nb5 41. Rde1 Rxf3 42. R1e4 Qb3 43. Qe2 Rf6 44. Re8 Qxd5 45. f3 Nd4 0-1

[Event "WchT Seniors 65"]
[Site "Radebeul"]
[Date "2016.07.02"]
[Round "7.20"]
[White "Stavenhagen, Johannes"]
[Black "Degerfeldt, Sven"]
[Result "0-1"]
[WhiteElo "1914"]
[BlackElo "1962"]
[PlyCount "94"]
[EventDate "2016.06.26"]
[EventType "team-swiss"]
[EventRounds "9"]
[EventCountry "GER"]
[SourceTitle "CBM 173 Extra"]
[Source "ChessBase"]
[SourceDate "2016.08.29"]
[SourceVersion "1"]
[SourceVersionDate "2016.08.29"]
[SourceQuality "1"]
[WhiteTeam "Saxone"]
[BlackTeam "Sweden II"]
[WhiteTeamCountry "GER"]
[BlackTeamCountry "SWE"]

1. d4 d5 2. Nf3 c6 3. e3 Bg4 4. c4 e6 5. h3 Bh5 6. cxd5 exd5 7. Be2 Nd7 8. 0-0 Bd6 9. Nc3 Ngf6 10. a3 0-0 11. b4 b5 12. Rb1 a5 13. Nd2 Bxe2 14. Qxe2 axb4 15. axb4 Qe7 16. Nf3 Bxb4 17. Na2 Bd6 18. Qb2 Ne4 19. Rd1 Nb6 20. Rd3 Nc4 21. Qe2 Ra4 22. Nc3 Nxc3 23. Rxc3 Rfa8 24. g3 f5 25. Rcb3 Qf6 26. Ne1 Re8 27. Nd3 Ra7 28. Kg2 g5 29. Qf3 Qg6 30. Qe2 Rae7 31. Qa2 f4 32. exf4 gxf4 33. g4 Qe4+ 34. f3 Qxd4 35. Nb4 Re1 36. Qf2 Qxf2+ 37. Kxf2 Bxb4 38. Rxb4 Rh1 39. Kg2 Rd1 40. g5 Ne3+ 41. Kf2 d4 42. Ba3 Rxb1 43. Rxb1 Ra8 44. Bc5 Ra2+ 45. Ke1 d3 46. Bb4 c5 47. Bd2 b4 0-1

[Event "WchT Seniors 65"]
[Site "Radebeul"]
[Date "2016.06.29"]
[Round "4.2"]
[White "Degerfeldt, Sven"]
[Black "James, Geoffrey H"]
[Result "1/2-1/2"]
[WhiteElo "1962"]
[BlackElo "2203"]
[PlyCount "111"]
[EventDate "2016.06.26"]
[EventType "team-swiss"]
[EventRounds "9"]
[EventCountry "GER"]
[SourceTitle "CBM 173 Extra"]
[Source "ChessBase"]
[SourceDate "2016.08.29"]
[SourceVersion "1"]
[SourceVersionDate "2016.08.29"]
[SourceQuality "1"]
[WhiteTeam "Sweden II"]
[BlackTeam "England"]
[WhiteTeamCountry "SWE"]
[BlackTeamCountry "ENG"]

1. d4 Nf6 2. Nf3 e6 3. Bf4 b6 4. e3 Bb7 5. Bd3 Be7 6. h3 0-0 7. 0-0 d6 8. Nbd2 c5 9. c3 Nc6 10. Qe2 cxd4 11. exd4 Re8 12. Rfe1 e5 13. dxe5 dxe5 14. Bg5 g6 15. Bb5 Nd5 16. Bxe7 Rxe7 17. Rad1 Nf4 18. Qc4 Rc8 19. Qf1 Qc7 20. g3 Ne6 21. Ne4 Kg7 22. Nd6 Rd8 23. Nxb7 Rxd1 24. Rxd1 Qxb7 25. Qe2 f6 26. Rd6 Ncd8 27. Bc4 Qc7 28. Rd2 Nf7 29. Bd5 Nc5 30. Kh2 Nd6 31. Ne1 f5 32. Nc2 Nce4 33. Rd3 Nf6 34. Bg2 Nde4 35. Nb4 Qc5 36. Re3 Nd6 37. Nd3 Qb5 38. Nxe5 Qxe2 39. Rxe2 Nf7 40. f4 Nd7 41. Bd5 Nfxe5 42. fxe5 Rxe5 43. Rxe5 Nxe5 44. b4 Kf6 45. Kg2 Nd3 46. Kf3 Ke5 47. Bg8 h6 48. Bc4 Nb2 49. Bb3 b5 50. h4 g5 51. hxg5 hxg5 52. Ke3 f4+ 53. gxf4+ gxf4+ 54. Ke2 Ke4 55. Bc2+ Ke5 56. Bb3 1/2-1/2

[Event "Politiken Cup 37th"]
[Site "Helsingor"]
[Date "2015.07.27"]
[Round "4"]
[White "Degerfeldt, Sven"]
[Black "Roder, Peter Ulrik"]
[Result "1/2-1/2"]
[WhiteElo "1859"]
[BlackElo "2144"]
[PlyCount "166"]
[EventDate "2015.07.25"]
[EventType "swiss"]
[EventRounds "10"]
[EventCountry "DEN"]
[SourceTitle "CBM 167 Extra"]
[Source "ChessBase"]
[SourceDate "2015.09.14"]
[SourceVersion "1"]
[SourceVersionDate "2015.09.14"]
[SourceQuality "1"]

1. d4 Nf6 2. c4 c5 3. d5 b5 4. cxb5 a6 5. bxa6 Bxa6 6. Nc3 g6 7. e4 Bxf1 8. Kxf1 d6 9. g3 Bg7 10. Kg2 0-0 11. Nf3 Nbd7 12. Qe2 Qa5 13. h3 Rfb8 14. e5 dxe5 15. Nxe5 Nxe5 16. Qxe5 Rd8 17. Qxe7 Nxd5 18. Nxd5 Rxd5 19. Re1 h5 20. Bg5 Bxb2 21. Rab1 Qxa2 22. Qb7 Bd4 23. Re2 Rxg5 24. Rxa2 Rxa2 25. Qc8+ Kh7 26. Rf1 Rf5 27. g4 hxg4 28. hxg4 Rfxf2+ 29. Rxf2 Rxf2+ 30. Kg3 Kg7 31. Qd7 Rf6 32. Qc8 Re6 33. Qd7 Be3 34. Qd5 Bd4 35. Kg2 Be3 36. Qc4 Bd4 37. Qd5 Be3 38. Qc4 Bd4 39. Qd5 Kf6 40. Qd8+ Kg7 41. Qd7 Re2+ 42. Kf3 Re1 43. Qd5 Rc1 44. Ke2 Rc3 45. Kd2 Rg3 46. Qd7 Bf6 47. Qc8 Rg2+ 48. Kd3 Rg3+ 49. Kd2 Bd4 50. Qd7 Rg1 51. Ke2 Kf6 52. Qd8+ Kg7 53. Qd7 Ra1 54. Qd5 Ra3 55. Kd2 Rg3 56. Qd7 Rf3 57. Ke2 Rf2+ 58. Kd3 Kh6 59. Qd5 Rf4 60. Qd7 f6 61. g5+ Kxg5 62. Qh3 Rg4 63. Qh1 Rg3+ 64. Ke2 f5 65. Qd5 Re3+ 66. Kf1 Kg4 67. Qg2+ Rg3 68. Qe2+ Kf4 69. Qd2+ Ke5 70. Qh2 f4 71. Qh8+ Ke4 72. Qe8+ Kf5 73. Qd7+ Ke4 74. Qe6+ Be5 75. Qc4+ Bd4 76. Qe6+ Kd3 77. Qb3+ Kd2 78. Qa2+ Kc3 79. Qa3+ Kc4 80. Qc1+ Kd3 81. Qb1+ Kd2 82. Qe1+ Kc2 83. Qe4+ Kd1 1/2-1/2

[Event "Politiken Cup 37th"]
[Site "Helsingor"]
[Date "2015.07.26"]
[Round "3"]
[White "Degerfeldt, Sven"]
[Black "Brorsen, Jacob Abildlund"]
[Result "1-0"]
[WhiteElo "1859"]
[BlackElo "2110"]
[PlyCount "133"]
[EventDate "2015.07.25"]
[EventType "swiss"]
[EventRounds "10"]
[EventCountry "DEN"]
[SourceTitle "CBM 167 Extra"]
[Source "ChessBase"]
[SourceDate "2015.09.14"]
[SourceVersion "1"]
[SourceVersionDate "2015.09.14"]
[SourceQuality "1"]

1. d4 d5 2. Nf3 Nf6 3. c4 c6 4. e3 Bf5 5. Qb3 Qb6 6. Nc3 e6 7. c5 Qc7 8. Bd2 h6 9. Rc1 Nbd7 10. Qa3 b5 11. Nxb5 cxb5 12. Bxb5 Be7 13. Ne5 0-0 14. Nc6 Nb8 15. Ba5 Qb7 16. Nxe7+ Qxe7 17. c6 Nxc6 18. Bxc6 Qxa3 19. bxa3 Rab8 20. 0-0 Rb2 21. f3 Rfb8 22. Bb4 Rxa2 23. Rf2 Rxf2 24. Kxf2 Bd3 25. Rc5 a6 26. Ba4 h5 27. g3 g5 28. Bc2 Bc4 29. e4 Nd7 30. Ra5 Kg7 31. e5 Rb6 32. Ke3 Nb8 33. Rc5 Nc6 34. Bc3 Na7 35. f4 g4 36. f5 exf5 37. a4 Rc6 38. Rxc6 Nxc6 39. Bxf5 Bb3 40. a5 Bc4 41. Kf4 Kh6 42. Bc2 Bb5 43. Kf5 Kg7 44. Kg5 Be2 45. Kxh5 Ne7 46. Kg5 Ng8 47. Kf4 Nh6 48. Bb4 Ng8 49. Ba4 Nh6 50. Bd7 Bd3 51. Bxg4 Nxg4 52. Kxg4 Kg6 53. Be7 Bf5+ 54. Kh4 Bd3 55. g4 Kh6 56. Kg3 Kg6 57. Kf4 Kg7 58. Kg5 Bc2 59. h4 Bd3 60. h5 Bc2 61. h6+ Kg8 62. Bf6 Bd3 63. Bg7 Kh7 64. Kf6 Kg8 65. g5 Bc2 66. e6 fxe6 67. g6 1-0

[Event "Politiken Cup 36th"]
[Site "Helsingor"]
[Date "2014.07.29"]
[Round "10"]
[White "Kistrup, Nicolai"]
[Black "Degerfeldt, Sven"]
[Result "1/2-1/2"]
[WhiteElo "1786"]
[BlackElo "1920"]
[PlyCount "56"]
[EventDate "2014.07.21"]
[EventType "swiss"]
[EventRounds "10"]
[EventCountry "DEN"]
[SourceTitle "CBM 161 Extra"]
[Source "ChessBase"]
[SourceDate "2014.08.29"]
[SourceVersion "1"]
[SourceVersionDate "2014.08.29"]
[SourceQuality "1"]

1. d4 d5 2. Nf3 c5 3. dxc5 Nc6 4. e3 e6 5. c4 Nf6 6. Nc3 Bxc5 7. cxd5 exd5 8. Be2 0-0 9. 0-0 a6 10. Nd4 Nxd4 11. exd4 Be7 12. Bf3 b5 13. Bg5 Be6 14. Qb3 b4 15. Ne2 a5 16. Nf4 a4 17. Qe3 Ra6 18. Rfe1 h6 19. Bxf6 Bxf6 20. Qd3 Rb6 21. Nxe6 Rxe6 22. Rxe6 fxe6 23. Rc1 Qb6 24. Rc5 b3 25. a3 Be7 26. Rc1 Bf6 27. Rc5 Be7 28. Rc1 Bf6 1/2-1/2

[Event "Politiken Cup 36th"]
[Site "Helsingor"]
[Date "2014.07.26"]
[Round "7"]
[White "Degerfeldt, Sven"]
[Black "Mortensen, Jan T"]
[Result "0-1"]
[WhiteElo "1920"]
[BlackElo "2083"]
[PlyCount "84"]
[EventDate "2014.07.21"]
[EventType "swiss"]
[EventRounds "10"]
[EventCountry "DEN"]
[SourceTitle "CBM 161 Extra"]
[Source "ChessBase"]
[SourceDate "2014.08.29"]
[SourceVersion "1"]
[SourceVersionDate "2014.08.29"]
[SourceQuality "1"]

1. d4 f5 2. c4 Nf6 3. Nc3 e6 4. e3 b6 5. f4 Bb7 6. Nf3 Bb4 7. Be2 Bxc3+ 8. bxc3 0-0 9. Qb3 Nc6 10. 0-0 Na5 11. Qb2 Ne4 12. Bd2 Ba6 13. Rfd1 Bxc4 14. Be1 Qe8 15. Bxc4 Nxc4 16. Qe2 d5 17. Ne5 Nxe5 18. dxe5 b5 19. a4 c6 20. axb5 cxb5 21. Ra6 Nc5 22. Rd6 a6 23. Ra1 Qc8 24. Ra3 Rd8 25. Rxd8+ Qxd8 26. g4 g6 27. gxf5 gxf5 28. Kh1 Ra7 29. Qh5 Rg7 30. Bh4 Qa8 31. Qf3 Ne4 32. Ra2 Qb7 33. Bf6 Rg6 34. Rg2 Nxc3 35. h4 Rxg2 36. Qxg2+ Kf8 37. Qg5 Ne4 38. Qh6+ Kg8 39. Kh2 Qf7 40. h5 Qf8 41. Bg7 Qxg7 42. Qxe6+ Qf7 0-1

[Event "Politiken Cup 36th"]
[Site "Helsingor"]
[Date "2014.07.25"]
[Round "6"]
[White "Jacobsen, Caroline Beer"]
[Black "Degerfeldt, Sven"]
[Result "0-1"]
[WhiteElo "1622"]
[BlackElo "1920"]
[PlyCount "162"]
[EventDate "2014.07.21"]
[EventType "swiss"]
[EventRounds "10"]
[EventCountry "DEN"]
[SourceTitle "CBM 161 Extra"]
[Source "ChessBase"]
[SourceDate "2014.08.29"]
[SourceVersion "1"]
[SourceVersionDate "2014.08.29"]
[SourceQuality "1"]

1. e4 c5 2. Nc3 e6 3. f4 a6 4. Nf3 Nc6 5. d3 d5 6. e5 Nge7 7. g4 h5 8. Bh3 hxg4 9. Bxg4 g6 10. Ng5 Nf5 11. Qe2 Be7 12. Bxf5 exf5 13. h4 Bxg5 14. fxg5 d4 15. Nd1 Qd5 16. Nf2 Be6 17. Bf4 Kd7 18. Kd2 b5 19. b3 Na5 20. h5 c4 21. Rag1 c3+ 22. Ke1 Nc6 23. Rg3 Rh7 24. Rgh3 Rah8 25. Rh4 Ne7 26. h6 Qc5 27. Qd1 Nd5 28. Qc1 b4 29. R1h3 a5 30. Nd1 Ra8 31. Bh2 Ne7 32. Qf4 Nc6 33. Bg1 Qxe5+ 34. Qxe5 Nxe5 35. Rxd4+ Kc7 36. Re3 Nc6 37. Bh2+ Kb7 38. Rd6 Rd8 39. Rxd8 Nxd8 40. Be5 Kc6 41. Bf6 Nb7 42. Re5 Nc5 43. Bg7 a4 44. Kf2 Nxd3+ 45. Ke3 Nxe5 46. Bxe5 axb3 47. axb3 f6 48. Bxf6 Rd7 49. Nf2 Bg8 50. Nd3 Kb5 51. Ne5 Rd2 52. Nxg6 Rxc2 53. Ne7 Bh7 54. g6 Bxg6 55. Nxg6 Rh2 56. Bg5 c2 57. Kf3 Rh1 58. Kg2 c1Q 59. Bxc1 Rxc1 60. h7 Rc8 61. Kf3 Kc5 62. Ke3 f4+ 63. Nxf4 Rh8 64. Ne6+ Kd6 65. Ng5 Ke7 66. Kf4 Kf6 67. Ne4+ Kg6 68. Ng5 Kf6 69. Ne4+ Kg6 70. Ng5 Rc8 71. Kg4 Kg7 72. Ne4 Rc3 73. Nd2 Rd3 74. Nc4 Rxb3 75. h8Q+ Kxh8 76. Kf4 Rc3 77. Nd2 b3 78. Ke4 b2 79. Kd4 Rc1 80. Kd3 b1Q+ 81. Nxb1 Rxb1 0-1

[Event "Politiken Cup 36th"]
[Site "Helsingor"]
[Date "2014.07.22"]
[Round "3"]
[White "Degerfeldt, Sven"]
[Black "Beckett, Christopher J"]
[Result "0-1"]
[WhiteElo "1920"]
[BlackElo "2132"]
[PlyCount "100"]
[EventDate "2014.07.21"]
[EventType "swiss"]
[EventRounds "10"]
[EventCountry "DEN"]
[SourceTitle "CBM 161 Extra"]
[Source "ChessBase"]
[SourceDate "2014.08.29"]
[SourceVersion "1"]
[SourceVersionDate "2014.08.29"]
[SourceQuality "1"]

1. d4 e6 2. c4 Bb4+ 3. Bd2 a5 4. Nc3 Nf6 5. Nf3 0-0 6. Qc2 d5 7. e3 Nbd7 8. Bd3 c6 9. 0-0 Qe7 10. Ne5 Nxe5 11. dxe5 dxc4 12. Bxc4 Qc5 13. a3 Qxc4 14. axb4 Nd7 15. f4 f6 16. b3 Qxb4 17. Ne4 Qb6 18. Qc4 Re8 19. Nd6 Re7 20. Nf5 Re8 21. Nd4 Qa6 22. Nf3 Qxc4 23. bxc4 b6 24. Bc3 Kf7 25. Rfd1 c5 26. Rd6 Ke7 27. Rad1 Ra7 28. Rc6 Bb7 29. Rc7 Rd8 30. exf6+ gxf6 31. Bxf6+ Kxf6 32. Rdxd7 Rxd7 33. Rxd7 a4 34. g4 e5 35. Nxe5 Ke6 36. Rd1 a3 37. Ra1 Be4 38. Kf2 a2 39. Ke2 Ra3 40. h4 Bb1 41. Nf3 Bd3+ 42. Kf2 Bxc4 43. e4 Ke7 44. f5 b5 45. g5 b4 46. Nd2 Bf7 47. e5 b3 48. Nxb3 Bxb3 49. h5 Bc2 50. f6+ Kf7 0-1

[Event "Politiken Cup 36th"]
[Site "Helsingor"]
[Date "2014.07.22"]
[Round "2"]
[White "Nilssen, Ellen Fredericia"]
[Black "Degerfeldt, Sven"]
[Result "0-1"]
[WhiteElo "1646"]
[BlackElo "1920"]
[PlyCount "66"]
[EventDate "2014.07.21"]
[EventType "swiss"]
[EventRounds "10"]
[EventCountry "DEN"]
[SourceTitle "CBM 161 Extra"]
[Source "ChessBase"]
[SourceDate "2014.08.29"]
[SourceVersion "1"]
[SourceVersionDate "2014.08.29"]
[SourceQuality "1"]

1. Nf3 d5 2. b3 Nf6 3. Bb2 e6 4. e3 Be7 5. c4 0-0 6. Be2 c5 7. 0-0 Nc6 8. cxd5 Nxd5 9. Nc3 Nf6 10. d3 b6 11. Rc1 Bb7 12. Qd2 Rc8 13. Rfd1 Qc7 14. Nb5 Qb8 15. d4 Rfd8 16. Qe1 a6 17. Nc3 cxd4 18. Nxd4 Nxd4 19. exd4 b5 20. Bd3 Qf4 21. Ne2 Qg5 22. Ng3 Bd6 23. Qd2 Bf4 24. Rxc8 Rxc8 25. Qe2 Qh4 26. Qe1 Ng4 27. h3 Nxf2 28. Qxf2 Bxg3 29. Qe2 Bf4 30. Qe1 Qg5 31. Be4 Be3+ 32. Kh1 Bxe4 33. Qf1 Rc2 0-1